000 01062nas a2200265 4500
001 BR2015004063
003 BR-BrBNA
005 20231205125526.0
007 ta
008 230509b bl.|||p| |||| 00| 00por d
040 _aBR-BrBNA
_bpor
_cBiblioteca Nacional de Agricultura
041 _a(Pt)
072 _aK10; P01; Q80
100 1 _aSilva, L.F. da
100 1 _aMachado, R.P.
111 1 _a16° Congresso Brasileiro de Floricultura e Plantas Ornamentais; 3° Congresso Brasileiro de Cultura de Tecidos de Plantas; 1° Simpósio de Plantas Ornamentais Nativas
_cGoiânia, GO (Brazil)
_d10-15 Sep 2007
245 1 _aDesenvolvimento de seis espécies arbóreas, cultivadas em embalagens de 100 litros de polipropileno branco, durante três anos
650 _aPAISAGISMO
650 _aVIVEIRO
650 _aMUDA
650 _aEMBALAGEM
773 0 _tRevista Brasileira de Horticultura Ornamental (Brazil)
_xISSN 1809-6093
_g(Sep 2007), v. 13(Suplemento) p. 1754-1756
_wBR2015004063
909 _a202311
_bLúcia
_c55
_dLúcia Elande
942 _2AGRIS
_n0
_cANA
999 _c244782
_d244782